[Event "RSA-ch op"]
[Site "Durban"]
[Date "2024.06.30"]
[Round "4"]
[White "Daniel, Angelo"]
[Black "Elvin, David"]
[Result "1-0"]
[WhiteElo "1772"]
[BlackElo "1664"]
[PlyCount "87"]
[EventDate "2024.06.29"]
[EventType "swiss"]
[EventRounds "11"]
[EventCountry "RSA"]
[SourceTitle "EXT 2025"]
[Source "ChessBase"]
[SourceDate "2024.10.14"]
[SourceVersion "1"]
[SourceVersionDate "2024.10.14"]
[SourceQuality "1"]

1. d4 e6 2. c4 f5 3. Nf3 Nf6 4. Bg5 Be7 5. Nc3 0-0 6. g3 d6 7. Bg2 Nbd7 8. Bf4 a6 9. Qc2 c5 10. Ng5 cxd4 11. Nxe6 Qa5 12. Nxd4 Nb6 13. 0-0 Nxc4 14. Nd5 Nxd5 15. Qxc4 Qb6 16. Qxd5+ Kh8 17. Nb3 g5 18. Be3 Qd8 19. Bd4+ Bf6 20. Rfd1 f4 21. Bxf6+ Rxf6 22. Qxg5 fxg3 23. hxg3 Qf8 24. Qe3 Bg4 25. Qd4 Bxe2 26. Re1 Bb5 27. Re6 Kg7 28. Qxf6+ Qxf6 29. Rxf6 Kxf6 30. Bxb7 Rb8 31. Be4 h6 32. Rd1 Ke5 33. Bd3 Ba4 34. f4+ Kf6 35. Bc4 Ke7 36. Re1+ Kf6 37. Re6+ Kf5 38. Rxd6 Re8 39. Bd3+ Kg4 40. Kg2 Re7 41. Rg6+ Kh5 42. Bf5 Bxb3 43. g4+ Kh4 44. Rxh6# 1-0

[Event "RSA-ch op"]
[Site "Durban"]
[Date "2024.06.30"]
[Round "3"]
[White "Elvin, David"]
[Black "Ndlovu, Sizwe"]
[Result "1/2-1/2"]
[WhiteElo "1664"]
[BlackElo "1884"]
[PlyCount "115"]
[EventDate "2024.06.29"]
[EventType "swiss"]
[EventRounds "11"]
[EventCountry "RSA"]
[SourceTitle "EXT 2025"]
[Source "ChessBase"]
[SourceDate "2024.10.14"]
[SourceVersion "1"]
[SourceVersionDate "2024.10.14"]
[SourceQuality "1"]

1. e4 c5 2. Nc3 e6 3. g3 Nc6 4. Bg2 Nf6 5. Nge2 d5 6. exd5 exd5 7. d4 cxd4 8. Nxd4 Bb4 9. 0-0 0-0 10. Bg5 Bxc3 11. bxc3 Be6 12. Rb1 Na5 13. Re1 Re8 14. f4 Qd7 15. Bxf6 gxf6 16. Qh5 Nc6 17. Qh6 Nxd4 18. cxd4 f5 19. Qg5+ Kf8 20. Qf6 Kg8 21. g4 Qd8 22. Qxd8 Rexd8 23. g5 Rdc8 24. Rb2 Rc4 25. Rd1 b6 26. Rd2 Rac8 27. Kf2 Ra4 28. Ke3 Kg7 29. Bf3 f6 30. h4 fxg5 31. fxg5 Ra3+ 32. Rd3 Rxd3+ 33. Kxd3 f4 34. Rb5 Bf5+ 35. Kd2 Rxc2+ 36. Kd1 Rc3 37. Rxd5 Rxf3 38. Rxf5 Rd3+ 39. Ke2 Rxd4 40. Kf3 Ra4 41. Rxf4 Rxa2 42. Rc4 h5 43. Rc7+ Kg6 44. Rc6+ Kf5 45. g6 Ra3+ 46. Kf2 Ra4 47. g7 Rg4 48. Rc7 a5 49. Rf7+ Ke5 50. Rb7 a4 51. Rxb6 Rxg7 52. Rb5+ Kf6 53. Rxh5 Ra7 54. Rb5 a3 55. Rb1 Ke5 56. Ke3 a2 57. Ra1 Ra3+ 58. Kd2 1/2-1/2